000 00912nam a2200229 i 4500
001 172033
003 ES-MaACL
005 20250808062823.0
008 090612s1987 sp |||| | spa d
020 _a84-220-1309-6
100 1 _aSmet, Joaquín.
_9106822
245 1 4 _aLos Carmelitas
_b: historia de la Orden del Carmen.
_nI,
_pLos orígenes, en busca de la identidad (ca.1206-1563) /
_cJoaquín Smet ; traducción y preparación de la edición española por Antonio Ruiz Molina ; presentación por John Malley.
260 _aMadrid :
_bLa Editorial Católica,
_c1987.
300 _aXL, 400 p. ;
_c20 cm.
490 1 _aBiblioteca de Autores Cristianos ;
_v495
610 2 _aCarmelitas-
_vHistoria.
_92444
700 1 _aRuiz Molina, Antonio.
_9100877
700 1 _aMalley, John.
_975811
830 0 0 _aBiblioteca de autores cristianos
_v495
_9178679
852 _aES-MaACL
_jJ-482
999 _c172033
_d172033